| 000 | 00000nam 2200000zi 4500 |
| 001 | 9.931171 |
| 003 | CaOODSP |
| 005 | 20250702130654 |
| 006 | m o d f |
| 007 | cr |n||||||||| |
| 008 | 231206t202401 oncbd ob f000 0 eng d |
| 020 | |a9780660691947 |
| 040 | |aCaOODSP|beng|erda|cCaOODSP |
| 043 | |an-cn-nf |
| 086 | 1 |aFs70-5/2024-002E-PDF |
| 100 | 1 |aIngs, Danny William, |eauthor. |
| 245 | 10|aAssessing the status of the cod (Gadus morhua) stock in NAFO subdivision 3Ps in 2019 / |cD.W. Ings, D.A. Varkey, J. Babyn, P.R. Regular, J. Champagnat, R. Kumar, M.J. Morgan, B.P. Healey, R.M. Rideout, and J. Vigneau. |
| 264 | 1|aOttawa ON : |bCanadian Science Advisory Secretariat (CSAS), |cJanuary 2024. |
| 264 | 4|c©2024 |
| 300 | |a1 online resource (v, 116 pages) : |bmaps, graphs. |
| 336 | |atext|btxt|2rdacontent |
| 337 | |acomputer|bc|2rdamedia |
| 338 | |aonline resource|bcr|2rdacarrier |
| 490 | 1 |aResearch document, |x1919-5044 ; |v2024/002 |
| 500 | |aIssued also in French under title: Évaluation de l'état du stock de morue franche (Gadus morhua) de la sous-division 3Ps de l'OPANO en 2019. |
| 504 | |aIncludes bibliographical references (pages 22-24). |
| 650 | 0|aAtlantic cod|zNewfoundland and Labrador|zAtlantic Coast. |
| 650 | 0|aAtlantic cod fisheries|zNewfoundland and Labrador|zAtlantic Coast. |
| 650 | 0|aFish stock assessment|zNewfoundland and Labrador|zAtlantic Coast. |
| 710 | 1 |aCanada. |bDepartment of Fisheries and Oceans, |eissuing body. |
| 710 | 2 |aCanadian Science Advisory Secretariat, |eissuing body. |
| 775 | 08|tÉvaluation de l'état du stock de morue franche (Gadus morhua) de la sous-division 3Ps de l'OPANO en 2019 / |w(CaOODSP)9.931172 |
| 830 | #0|aResearch document (Canadian Science Advisory Secretariat)|v2024/002.|w(CaOODSP)9.507396 |
| 856 | 40|qPDF|s8.01 MB|uhttps://publications.gc.ca/collections/collection_2024/mpo-dfo/fs70-5/Fs70-5-2024-002-eng.pdf |